000 00618nam a22002297a 4500
001 0074
003 DO-SdBNP
005 20151214110345.0
007 0074
008 151214b dr 1969 xxu||||| |||| 00| 0 spa d
020 _a8429404546
040 _aBPMSU
_bspa
_cBPMSU
092 _axxxxxxx
_bxxxxxxx
100 1 0 _aTejada, Ramón
245 0 0 _aArboleda /
_cRamón Tejada, Yolanda Pereyra de Inoa, Luis J. Borget
260 _aSanto Domingo :
_bSantillana,
_c1969.
300 _a165 p. :
_bil.,
_c25 cm.
490 1 0 _aEl árbol alegre
830 0 0 _aEl árbol alegre
942 _2ddc
_cBK
956 _aBrenda Tavárez
999 _c9111
_d9111